000
00285 a2200145 4500
001
170989
020
_a
040
_c
Magnum
100
_a
Belinky, Tatiana
240
1
0
_a
Sou do contra !
_l
por
245
1
0
_a
Sou do contra !
362
0
_a
1899
697
_a
IJ/FICCAO
942
_c
BK
999
_c
170989
_d
170989